书目信息 |
| 题名: |
服饰通览 上
|
|
| 作者: | 杨霖 , 杨霖等编者 编 | |
| 分册: | ||
| 出版信息: | 呼和浩特 远方出版社 2005 |
|
| 页数: | 370页 | |
| 开本: | 21cm | |
| 丛书名: | 百科知识大全 | |
| 单 册: | ||
| 中图分类: | K892.23 | |
| 科图分类: | ||
| 主题词: | 服饰--fu shi--历史--中国 , 服饰--fu shi--文化--中国 | |
| 电子资源: | ||
| ISBN: | 7-80723-102-5 | |
| 000 | 00977nam 2200301 45 | |
| 001 | CAL 0120065101001 | |
| 005 | 20061108094954.09 | |
| 010 | @a7-80723-102-5@dCNY28.00 | |
| 092 | @aCN@b502394 | |
| 099 | @aCAL 0120065101001 | |
| 100 | @a20061010d2005 ekmy0chiy0121 ea | |
| 101 | 0 | @achi |
| 102 | @aCN@b150000 | |
| 105 | @ay z 000yy | |
| 200 | 1 | @a服饰通览 上@Afu shi tong lan shang@f杨霖等编者@Fyang lin deng bian zhe |
| 210 | @a呼和浩特@c远方出版社@d2005 | |
| 215 | @a370页@d21cm | |
| 225 | 2 | @a百科知识大全@Abai ke zhi shi da quan |
| 330 | @a本书内容包括:古代服饰演变、民族与服饰、性别与服饰、古代官的十二章纹、女性的修饰美、领型与领式等。 | |
| 410 | 0 | @12001 @a百科知识大全 |
| 606 | 0 | @a服饰@Afu shi@x历史@y中国 |
| 606 | 0 | @a服饰@Afu shi@x文化@y中国 |
| 690 | @aK892.23@v4 | |
| 701 | 0 | @a杨霖@Ayang lin@4编 |
| 701 | 0 | @a杨霖等编者@Ayang lin deng bian zhe |
| 801 | 0 | @aCN@bLZJBOOK@c20061108 |
| 905 | @aBZT@dK892.23@e4-1 | |
| 906 | @dCNY28.00@n0@r1 | |
| 服饰通览 上/杨霖等编者.-呼和浩特:远方出版社,2005 |
| 370页;21cm.-(百科知识大全) |
| ISBN 7-80723-102-5:CNY28.00 |
| 本书内容包括:古代服饰演变、民族与服饰、性别与服饰、古代官的十二章纹、女性的修饰美、领型与领式等。 |
| ● |
| 相关链接 |
|
|
|
正题名:服饰通览 上
索取号:K892.23/4-1
 
预约/预借
| 序号 | 登录号 | 条形码 | 馆藏地/架位号 | 状态 | 备注 |
| 1 | 521965 | 230101464 | 中心书库南/015架A面5层4列/ [索取号:K892.23/4-1] | 在馆 | |
| 2 | 521966 | 230101463 | 中心书库南/015架A面5层4列/ [索取号:K892.23/4-1] | 在馆 | |
| 3 | 521967 | 230101462 | 中心书库南/015架A面5层4列/ [索取号:K892.23/4-1] | 在馆 |